The only way is up (Record no. 79045)
[ view plain ]
| 000 -LEADER | |
|---|---|
| fixed length control field | 00956cab a22001935a 4500 |
| 001 - CONTROL NUMBER | |
| control field | L139508 |
| 008 - FIXED-LENGTH DATA ELEMENTS--GENERAL INFORMATION | |
| fixed length control field | 070730s2007 xxka f 000 0 eng d |
| 035 ## - SYSTEM CONTROL NUMBER | |
| System control number | (Sirsi) u139508 |
| 041 0# - LANGUAGE CODE | |
| Language code of text/sound track or separate title | eng |
| 100 1# - MAIN ENTRY--PERSONAL NAME | |
| Personal name | Towler, Andy |
| 245 04 - TITLE STATEMENT | |
| Title | The only way is up |
| 260 ## - PUBLICATION, DISTRIBUTION, ETC. | |
| Date of publication, distribution, etc. | 2007 |
| 490 ## - SERIES STATEMENT | |
| Series statement | RICS Business |
| Volume/sequential designation | 15(4) July/August 2007, 12-15(4) |
| 520 ## - SUMMARY, ETC. | |
| Summary, etc. | Examines worldwide trends regarding the construction of tall buildings. The Far East is home to many of the world?s highest skyscrapers. Major funds have to be available to realise such projects. London still regards the city?s historical views with great sensitivity. The need to fit in with surroundings has given rise to some unusual designs. The trend towards taller buildings has given rise to the verticality surveyor. Provides an overview of CABE's tall building guidance. |
| 590 ## - LOCAL NOTE (RLIN) | |
| Local note | KA |
| 651 #4 - SUBJECT ADDED ENTRY--GEOGRAPHIC NAME | |
| Geographic name | International |
| 690 ## - LOCAL SUBJECT ADDED ENTRY--TOPICAL TERM (OCLC, RLIN) | |
| Topical term or geographic name as entry element | BUILT ENVIRONMENT-BUILDING TYPES-TALL BUILDINGS |
| 942 ## - ADDED ENTRY ELEMENTS (KOHA) | |
| Suppress in OPAC | 0 |
| Withdrawn status | Lost status | Source of classification or shelving scheme | Damaged status | Not for loan | Home library | Current library | Shelving location | Date acquired | Total Checkouts | Full call number | Barcode | Date last seen | Copy number | Price effective from | Koha item type |
|---|---|---|---|---|---|---|---|---|---|---|---|---|---|---|---|
| Dewey Decimal Classification | London | London | Journal article | 30/07/2007 | L139508 | 139508-1001 | 06/08/2019 | 1 | 06/08/2019 | Journal article |